| 000 | 01648nam a2200253Ia 4500 | ||
|---|---|---|---|
| 999 |
_c52141 _d52141 |
||
| 001 | 19148 | ||
| 003 | GE_BSU | ||
| 005 | 20210521122818.0 | ||
| 008 | 181216s2015||||ge |||||||||||||| ||geo|| | ||
| 040 | _cGE_BSU | ||
| 041 | _ageo | ||
| 080 | _a82 ქ-42 | ||
| 100 |
_aქესქინი, ალი მეჰმედ _911257 |
||
| 245 |
_aკულტურული მეხსიერების საკითხები ჭოროხის აუზის ზეპირსიტყვიერებაში / _cალი მეჰმედ ქესქინი; სამეცნიერო ხელმძღვანელი მ. ჩოხარაძე, თ. შიოშვილი; ბათუმის შოთა რუსთაველის სახელმწიფო უნივერსიტეტი. |
||
| 264 |
_aბათუმი, _c2015. |
||
| 300 |
_a193გვ. ; _b 30 სმ. |
||
| 653 | _aდისერტაცია | ||
| 653 | _aკულტურული მეხსიერების საკითხები ჭოროხის აუზის ზეპირსიტყვიერებაში | ||
| 653 | _aლიტმცოდნეობა | ||
| 700 |
_aჩოხარაძე, მ. _eსამეცნიერო ხელმძღვანელი _95312 |
||
| 700 |
_aშიოშვილი, თ. _eსამეცნიერო ხელმძღვანელი _910520 |
||
| 710 |
_aბათუმის შოთა რუსთაველის სახელმწიფო უნივერსიტეტი _911866 |
||
| 942 |
_cBK _2udc |
||